00497nam a2200193 a 4500001001300000003000900013005001700022008004100039020002300080082001300103100002000116245003700136260003600173300000900209500003500218505001000253650002000263700002000283nice12345678IN_TiNIC20260116014158.0070417s2006 muma grp 000 0 eng  a8179925811 c19500a425bLIN aLinder, Maureen aEnglish Language and Composition aMumbai bJaico Pub.House c2006 a349p aincludes index and biblioraphy2 aIndex aEnglish-Grammar1 aLinder, Maureen